=LDR 00000nam 2200000 4500 =001 NUTBA000000000000677 =990 ##$$a 21100793 =005 20140327164939.0 =006 =007 =008 =020 ##$$a 978-979-22-7739-5 =035 ##$$a 0010-031400000000676 =040 ##$$a Ind =082 ##$$a 813 =090 ##$$a 813$bMcc f =100 ##$$a Mccafferty, Megan. =245 ##$$a Faurth comings$bKejadian keempat$cMegan mccafferty =260 ##$$a Jakarta$bGramedia$c2011. =300 ##$$a 422 Hlm$c20 cm. =850 ##$$a NBPNMAT =990 ##$$a 21100793 =990 ##$$a 91977/BPAP-NTB/2014